Catalogue de la collection égyptienne du Musée d'Histoire et d'Archéologie de Vannes

محفوظ في:

المؤلفون الرئيسيون: Petacchi, Simone (مؤلف), Le Pennec, Christophe (مؤلف)

التنسيق: كتاب

منشور في: Oxford Archaeopress Publishing Ltd 2025

الوسوم: إضافة وسم

لا توجد وسوم, كن أول من يضع وسما على هذه التسجيلة!

رقم الطلب:

LEADER 00731namaa2200181 4500
001 9781805830566
003 UkOxAP
005 20260405155017.0
020 |a 9781805830573 
776 1 |x 9781805830566 
245 0 0 |a Catalogue de la collection égyptienne du Musée d'Histoire et d'Archéologie de Vannes 
100 1 |a Petacchi, Simone  |e Author  |l French 
700 1 |a Le Pennec, Christophe  |e Author  |l French 
856 4 2 |a http://library.arce.org:8087/Archaeopress/Products/9781805830573 
260 |a Oxford  |b Archaeopress Publishing Ltd  |c 2025 
270 |a Archaeopress Publishing Ltd, Summertown Pavillion, 18 -24 Middle Way, Summertown  |b Oxford  |d United Kingdom  |e OX2 7LG  |k 44-1865-311914  |m info@archaeopress.com 
942 |2 lcc  |c EBOOK 
999 |c 62108  |d 62108